Регионална библиотека "Любен Каравелов" - Русе

Някои проблеми на крайградското селско стопанство (Запис номер 151659)

MARC детайли
000 -Лидер
Контролно поле с фиксирана дължина nam a22 a 4500
003 - Код на организацията, давaща контролен номер
Контролно поле BLK
005 - Дата и час на последна редакция
Контролно поле 20211102111604.0
008 - Елементи от данни с фиксирана дължина
fixed length control field 180410b bul|||||r ||||||| ||bul||
010 ## - Наследен системен номер
LC control number KNG00158064000
040 ## - Източник на каталожния запис
Идентификатор на билиотеката - собственик на записа BLK
041 ## - Код за език
Код за езика на текст/звукозапис или на отделно заглавие Български
Код за езика КДБФ Български
080 ## - УДК
Текстов определител УДК Селското стопанство като стопански отрасъл. Икономика на селското стопанство
УДК код - определител по УДК 338.43
УДК - код + определител 338.43
100 1# - Редна дума - Автор
Автор Брадистилов, Добри Стоев
Авторска отговорност първи автор
R(LIN) 329720
139 ## - Редно поле
Редна дума Брадистилов, Добри Стоев
Авторски знак Бр - Б 75
245 10 - Сведения за заглавието
Заглавие Някои проблеми на крайградското селско стопанство
Подзаглавни данни По материали за Димитровския минен басейн
Редно поле (дума) Добри Стоев Брадистилов.
257 ## - Страна на издаване
Страна на създаване/издаване България
260 ## - Област на издателските данни
Име на издателя, разпространителя и проч. Земиздат
Година на издаване 1957
Място на издаване, разпространение и проч. София
300 ## - Физическа характеристика
Страници 124 с.
Илюстрации и др. с табл.
Размери/Мащаб 22 см
380 ## - Жанр
Жанр Обществени науки
500 ## - Общи забележки
Забележка Изд. на БАН, Икон. инст. - 1 060 тир.
650 #4 - Допълнително описание по предмет – тема
Основно описание – тема или топоним Селско стопанство - България - икономика
9 (RLIN) 273301
653 ## - Ключова дума – ненормативна
Ключова дума икономика
653 ## - Ключова дума – ненормативна
Ключова дума селско стопанство
852 ## - Местоположение
Форматна сигнатура Цб 6495
Фондова буква Хранилище
999 ## - СИСТЕМНИ КОНТРОЛНИ НОМЕРА
Koha biblionumber 151659
Koha biblioitemnumber 151659
942 ## - АРТИКУЛИ
Вид на библиотечния материал Книги
Скрит в OPAC Не
Периодичен библиозапис Да
944 ## - СЪЗДАВАНЕ И РЕДАКЦИЯ на ЗАПИСА
Създаване/Редакция Създаване
Дата на регистрацията/редакция 17.03.2014
Статус, дата на статуса 17.03.2014 - от С1,Р / 17.03.2014
Служител, извършил регистрацията/редакцията Грета_Цуфелде
944 ## - СЪЗДАВАНЕ И РЕДАКЦИЯ на ЗАПИСА
Създаване/Редакция Редакция
Дата на регистрацията/редакция 2021-11-02
Статус, дата на статуса 2021-11-02
Наличности
Код за отписване Код за изгубен артикул Източник на класификационната схема Код за повреда Коз за рестрикции Код за отдаване Артикулен № Име на библиотеката - собственик Име на библиотеката, в която се намира в момента Статус (Текущо местоположение) Дата на вписване в системата Местоположение - отдел Цена в лева Инвентарен номер Систематично азбучна сигнатура Баркод Номер на екземпляра Цена в евро Служебна бележка Служебен тип на артикула
Изтеглен Не е изгубен Universal Decimal Classification Не е повреден без рестрикции заемане за дома 253304 Регионална библиотека "Любен Каравелов" Русе Регионална библиотека "Любен Каравелов" Русе Заемна - подръчен фонд 1957-01-01 Заемна - подръчен фонд 1.90 10218/57 П 338.4/Б 75 10218 1 0.97 N: стар фонд Дата: 01.01.1957 Книги
  Не е изгубен Universal Decimal Classification Не е повреден само за читалня ползва се в читалня 860032 Регионална библиотека "Любен Каравелов" Русе Регионална библиотека "Любен Каравелов" Русе Хранилище 2021-11-03 Хранилище 0.19 9130/57 Цб 6495 900000081811   0.10   Книги
Vip Innovations Ltd, Rousse, Bulgaria 2025